00450 2200157 4500001002100000008004100021035002000062245010200082100001900184250000600203260003900209084001400248082000800262650001000270990001200280INLIS000000000001511 ind  a0010-0125000009 aLove IN Life Chocolatos; Kisah Inspiratif Pengorbanan Seorang Kakak Kepada AdiknyacAgnes Davonar aDavonar, Agnes a1 aJakarta :bInandra Publisherc2012 a813 AGN l a813 aFiksi a0714934